Basic concepts of biological science / (Record no. 354862)
[ view plain ]
| 000 -LEADER | |
|---|---|
| fixed length control field | 00354nam a2200121Ia 4500 |
| 008 - FIXED-LENGTH DATA ELEMENTS--GENERAL INFORMATION | |
| fixed length control field | 180205s9999 xx 000 0 und d |
| 020 ## - INTERNATIONAL STANDARD BOOK NUMBER | |
| International Standard Book Number | 9715740618 |
| 100 ## - MAIN ENTRY--PERSONAL NAME | |
| Personal name | Realuyo, Zenaida M. |
| 245 ## - TITLE STATEMENT | |
| Statement of responsibility, etc | Cariño, Virginia S. |
| Title | Basic concepts of biological science / |
| 250 ## - EDITION STATEMENT | |
| Edition statement | 3rd ed |
| 260 ## - PUBLICATION, DISTRIBUTION, ETC. (IMPRINT) | |
| Place of publication, distribution, etc | Quezon City |
| Name of publisher, distributor, etc | katha publishing |
| Date of publication, distribution, etc | 2003 |
| 300 ## - PHYSICAL DESCRIPTION | |
| Extent | v, 245 pages |
| Withdrawn status | Lost status | Damaged status | Home library | Current library | Shelving location | Date acquired | Source of acquisition | Total Checkouts | Full call number | Barcode | Date last seen | Price effective from | Koha item type |
|---|---|---|---|---|---|---|---|---|---|---|---|---|---|
| College Library | College Library | Filipiniana Section | 02/05/2018 | Library Fund | QH 308.5 .R288 2003 | C2252 | 05/08/2018 | 02/05/2018 | Books |